000
00339nam a2200157Ia 4500
003
OSt
005
20231128070600.0
008
170524s9999 xx 000 0 und d
020
_a
8176930987
040
_c
IIMT
100
_a
Rashmi Uday Singh
245
0
_a
Chicken Cookbook
260
_b
BPI (India)
260
_c
2003
942
_2
ddc
_c
02
999
_c
6510
_d
6510